000 00347nam a22001337a 4500
005 20250901165820.0
008 250409b |||||||| |||| 00| 0 eng d
020 _a9789966364920
050 _aPL 8704.A74 2015
245 _aGITAA
_bNA HADITHI NYINGINE
_cAREGE TIMPTHY
260 _aNAIROBI
_bLONGHORN PUBLISHERS
_c2015
300 _a181
942 _2lcc
999 _c9574
_d9574